Blackadder Goes Forth Characters - Statistics

General Stats
  • This quiz has been taken 141 times
  • The average score is 8 of 12
Answer Stats
Character Answer % Correct
Title Character and Flanders Pigeon Murderer Captain Blackadder
99%
Army sychophant Captain Kevin Darling
96%
Trench cook and poet Private S. Baldrick
96%
Last of the Trinity Tiddlers Lieutenant The Honourable George Colthurst St. Barleigh
93%
"Baaah!" General Sir Anthony Cecil Hogmanay Melchett
88%
Carrier Pigeon Speckled Jim
88%
Driver Bob Parkhurst
84%
Squardon Commander Lord Flashheart
73%
British army commander Field Marshal Sir Douglas Haig
46%
British Spy Brigadier Sir Bernard Proudfoot Smith
37%
Convicted German spy Nurse Mary Fletcher-Brow
32%
The Red Baron Baron von Richthofen
9%
No matching quizzes found
Score Distribution
Percent of People with Each Score
Percentile by Number Answered
Your Score History
You have not taken this quiz